000 00814nam a22002417a 4500
005 20131004145210.0
008 090728t xxu||||| |||| 00| 0 pun d
010 _aPUN-7571
020 _c350.00
_a9788186745434
035 _aPN-6689
037 _bDBAD / PUB
037 _bSatwant Book Agency
040 _adpl
_bpn
082 _a851.08
100 _aਅਮਰਜੀਤ ਸਿੰਘ
245 _aਮੱਧਕਾਲੀ ਤੇ ਆਧੁਨਿਕ ਪੰਜਾਬੀ ਸਾਹਿਤ /
_cਅਮਰਜੀਤ ਸਿੰਘ
246 _aMadhkali te adhunik punjabi sahit
_bby Amarjit Singh
260 _aNew Delhi
_bSatwant Book Agency
_c2012
270 _bNew Delhi
300 4 _a184p.
_c22ਸੇਂਮੀ (ਸਜਿਲੱਦ)
942 _2ddc
_cPN
_h851.08
_mਅਮਰ
999 _c79824
_d79824